Central Library OPAC University of Rajshahi

Bertrand Russell's theories of causation / (Record no. 1424)

MARC details
000 -LEADER
fixed length control field 00844cam a22002771 4500
001 - CONTROL NUMBER
control field 1424
003 - CONTROL NUMBER IDENTIFIER
rucl marc code BD-RjUL
005 - DATE AND TIME OF LATEST TRANSACTION
control field 20211208233332.0
008 - FIXED-LENGTH DATA ELEMENTS--GENERAL INFORMATION
fixed length control field 1 s1952 sw 001 0 eng
035 ## - SYSTEM CONTROL NUMBER
System control number (BD-RjUL)1446
System control number (OCoLC)10429610
040 ## - CATALOGING SOURCE
Original cataloging agency DLC
Transcribing agency CLS
Modifying agency MiDW
-- DLC
Language of cataloging eng
041 1# - LANGUAGE CODE
Language code of text/sound track or separate title eng
Language code of original swe
082 ## - DEWEY DECIMAL CLASSIFICATION NUMBER
Edition number 16
Classification number 122
Author mark and year GOB 1952
100 1# - MAIN ENTRY--PERSONAL NAME
Personal name Götlind, Erik.
9 (RLIN) 4209
245 00 - TITLE STATEMENT
Title Bertrand Russell's theories of causation /
Statement of responsibility, etc. Erik, Götlind
260 ## - PUBLICATION, DISTRIBUTION, ETC. (IMPRINT)
Place of publication, distribution, etc. Uppsala :
Name of publisher, distributor, etc. Almqvist & Wiksells,
Date of publication, distribution, etc. 1952.
300 ## - PHYSICAL DESCRIPTION
Pagination 164 p. ;
Size 22 cm.
500 ## - GENERAL NOTE
General note Inaug.-Diss.--Uppsala; without thesis statement.
General note Translated from the Swedish manuscript by Reginald Stedman.
600 10 - SUBJECT ADDED ENTRY--PERSONAL NAME
Personal name Russell, Bertrand,
Dates associated with a name 1872-1970.
650 #0 - SUBJECT ADDED ENTRY--TOPICAL TERM
Topical term or geographic name as entry element Causation.
9 (RLIN) 296
942 ## - ADDED ENTRY ELEMENTS (KOHA)
Source of classification or shelving scheme Dewey Decimal Classification
Koha item type Books
Holdings
Lost status Source of classification or shelving scheme Damaged status Not for loan Collection code Permanent Location Current Location Shelving location Date acquired Source of acquisition Cost, normal purchase price Total Checkouts Full call number Date last seen Copy number Koha item type
  Dewey Decimal Classification   Not For Loan Non-fiction Central Library, University of Rajshahi Central Library, University of Rajshahi Reading Room 12/03/1963 Zeitlinger 28.00   122 GOB 1952 25/11/2013 C-1 Books